| 000 | 00353nam a2200145Ia 4500 | ||
|---|---|---|---|
| 008 | 221030s9999 xx 000 0 und d | ||
| 020 | _a8120348318 | ||
| 041 | _aEnglish | ||
| 100 | _aJ. Loomba | ||
| 245 | 0 |
_aRisk Management & Insurance Policy _cby J. Loomba |
|
| 260 |
_bPHI _aNew Delhi _c2014 |
||
| 300 | _a632 | ||
| 650 | _aManagement | ||
| 942 | _cBK | ||
| 999 |
_c16356 _d16356 |
||